Bengal Bleeding Amidst "Secular" Silence / (Record no. 211763)

MARC details
000 -LEADER
fixed length control field 00574nam a22001817a 4500
005 - DATE AND TIME OF LATEST TRANSACTION
control field 20250627164647.0
010 ## - LCCN (DPL NO)
LC control number ENG-145326
020 ## - INTERNATIONAL STANDARD BOOK NUMBER
International Standard Book Number 9788195048694
Terms of availability 170.00
035 ## - SYSTEM CONTROL NUMBER
System control number EN-128858
037 ## - SOURCE OF ACQUISITION
Source of stock number/acquisition DBAD
082 ## - DEWEY DECIMAL CLASSIFICATION NUMBER
Classification number 303.623
245 ## - TITLE STATEMENT
Title Bengal Bleeding Amidst "Secular" Silence /
Statement of responsibility, etc edited by Rahul Shastri
260 ## - PUBLICATION, DISTRIBUTION, ETC. (IMPRINT)
Name of publisher, distributor, etc Samvit Prakashan and Media PVT. LTD
Date of publication, distribution, etc 2021
270 ## - ADDRESS
Address 1585,1654,madarsa road, kashmere gate
City Delhi
Postal code 110006
300 ## - PHYSICAL DESCRIPTION
Extent 131p.;
Dimensions 22cm(pb)
700 ## - ADDED ENTRY--PERSONAL NAME
Personal name Shastri, rahul
Relator term Editor
9 (RLIN) 81947
942 ## - ADDED ENTRY ELEMENTS (KOHA)
Source of classification or shelving scheme Dewey Decimal Classification
Item type English Books
Call number suffix BEN
Classification part 303.623
Holdings
Withdrawn status Lost status Not for loan Collection code Home library Current library Date acquired Source of acquisition Cost, normal purchase price Full call number Barcode Copy number Cost, replacement price Koha item type
      Non-fiction RC3 Shakur Pur RC3 Shakur Pur 12/06/2025 Delivery of Books Act Division 170.00 BEN 303.623 EN-128858 1 170.00 English Books

© Delhi Public Library
Hit Counter
free hit counter